[Event "DVM U16 2020"]
[Site "Willingen GER"]
[Date "2021.06.27"]
[Round "7"]
[White "Martsfeld, Jonas"]
[Black "Cheredzhiyska, Iva"]
[Result "1/2-1/2"]
[Termination "normal"]
[Board "10.3"]
[WhiteElo "1381"]
[BlackElo "1601"]
[WhiteTeam "SF HN-Biberach 1978 e.V."]
[BlackTeam "TV Tegernsee"]
[PlyCount "72"]
[WhiteFideId "16255640"]
[BlackFideId "16241622"]
[EventCountry "GER"]
[EventRounds "7"]
[EventType "team-swiss"]
[EventDate "2021.06.23"]

1. e4 d5 2. exd5 Qxd5 3. Nc3 Qd8 4. Bc4 Nf6 5. d3 c6 6. Bf4 Bf5 7. Nf3 e6 8.
Qe2 Bb4 9. O-O O-O 10. Ne4 Nd5 11. Bxd5 exd5 12. Ng3 Bg6 13. Nd4 Nd7 14. c3 Qf6
15. Be3 Bd6 16. f4 Rae8 17. f5 Bxg3 18. fxg6 Bxh2+ 19. Kxh2 Qe5+ 20. Bf4 Qxe2
21. Nxe2 Rxe2 22. Bd6 hxg6 23. Bxf8 Kxf8 24. b3 Nc5 25. d4 Ne6 26. Rfe1 Rxe1
27. Rxe1 Ke7 28. Kg3 Kd7 29. Rf1 f6 30. Rh1 a6 31. Rh8 Kc7 32. Re8 Kd7 33. Rb8
Kc7 34. Re8 Kd7 35. Rb8 Kc7 36. Re8 Kd7 1/2-1/2

[Event "DVM U16 2020"]
[Site "Willingen GER"]
[Date "2021.06.27"]
[Round "7"]
[White "Stoib, Marinus"]
[Black "Iyengar, Sriram"]
[Result "1-0"]
[Termination "normal"]
[Board "10.4"]
[WhiteElo "1680"]
[BlackElo "1208"]
[WhiteTeam "TV Tegernsee"]
[BlackTeam "SF HN-Biberach 1978 e.V."]
[PlyCount "99"]
[WhiteFideId "12994901"]
[BlackFideId "16269110"]
[EventCountry "GER"]
[EventRounds "7"]
[EventType "team-swiss"]
[EventDate "2021.06.23"]

1. d4 d5 2. c4 dxc4 3. Nc3 b6 4. e4 Bb7 5. Bxc4 g6 6. Nf3 Bg7 7. O-O Nf6 8. Re1
O-O 9. g4 Nxg4 10. Ng5 Qxd4 11. Qxg4 Qxc4 12. Re3 h5 13. Qg2 Qd4 14. Nd5 Bxd5
15. exd5 Qd1+ 16. Qf1 Qxd5 17. Rd3 Qf5 18. Rf3 Qc8 19. Qc4 Qg4+ 20. Qxg4 hxg4
21. Rg3 f5 22. Ne6 Rc8 23. Bf4 Na6 24. h3 Kf7 25. Ng5+ Kf6 26. Re1 Nc5 27. hxg4
fxg4 28. b4 Kf5 29. bxc5 Kxf4 30. Ne6+ Kf5 31. Nxg7+ Kf6 32. Ne6 bxc5 33. Rxg4
Kf7 34. Rf4+ Kg8 35. Nxc5 Rf8 36. Rg4 Rf5 37. Ne6 Kh7 38. f4 c6 39. Ng5+ Kg8
40. Rxe7 Rb8 41. Ne6 Rh5 42. Rxg6+ Kh8 43. Ng5 Rb1+ 44. Kg2 Rxg5+ 45. Rxg5 Rb2+
46. Kg3 Rxa2 47. Re1 Ra3+ 48. Kg4 Ra2 49. Rh1+ Rh2 50. Rxh2# 1-0

[Event "DVM U14 2020"]
[Site "Willingen GER"]
[Date "2021.06.25"]
[Round "3"]
[White "Eilenberg, Jonas"]
[Black "Reichmann, Felix"]
[Result "1/2-1/2"]
[Termination "normal"]
[Board "1.1"]
[WhiteElo "2126"]
[BlackElo "1780"]
[WhiteClock "00:17:03"]
[BlackClock "00:17:54"]
[WhiteTeam "SV Königsjäger Süd-West e.V."]
[BlackTeam "Schachfreunde Nordost Berlin"]
[PlyCount "55"]
[WhiteFideId "16204271"]
[BlackFideId "16238290"]
[EventCountry "GER"]
[EventRounds "7"]
[EventType "team-swiss"]
[EventDate "2021.06.23"]

1. d4 {[%clk 1:30:57]} 1... g6 {[%clk 1:30:06]} 2. c4 {[%clk 1:31:20]} 2... Bg7
{[%clk 1:30:27]} 3. Nc3 {[%clk 1:31:43]} 3... d6 {[%clk 1:30:48]} 4. e4 { [%clk
1:32:05]} 4... Nc6 {[%clk 1:30:16]} 5. Be3 {[%clk 1:30:48]} 5... e5 { [%clk
1:28:29]} 6. d5 {[%clk 1:30:02]} 6... Nd4 {[%clk 1:28:31]} 7. Nge2 { [%clk
1:17:40]} 7... Nxe2 {[%clk 1:02:07]} 8. Bxe2 {[%clk 1:17:45]} 8... Ne7 { [%clk
1:02:28]} 9. c5 {[%clk 1:09:24]} 9... a6 {[%clk 1:02:01]} 10. cxd6 { [%clk
1:08:57]} 10... cxd6 {[%clk 1:01:48]} 11. Na4 {[%clk 1:03:05]} 11... b5 { [%clk
0:49:41]} 12. Nb6 {[%clk 1:01:11]} 12... Rb8 {[%clk 0:50:02]} 13. Nxc8 { [%clk
1:01:36]} 13... Rxc8 {[%clk 0:49:59]} 14. a4 {[%clk 0:59:00]} 14... Qa5+ {[%clk
0:49:15]} 15. Qd2 {[%clk 0:57:09]} 15... b4 {[%clk 0:49:02]} 16. O-O { [%clk
0:55:28]} 16... O-O {[%clk 0:48:58]} 17. Qd3 {[%clk 0:54:12]} 17... f5 { [%clk
0:42:02]} 18. f3 {[%clk 0:52:59]} 18... fxe4 {[%clk 0:40:29]} 19. fxe4 { [%clk
0:53:17]} 19... Rxf1+ {[%clk 0:40:39]} 20. Bxf1 {[%clk 0:53:38]} 20... Ra8
{[%clk 0:40:52]} 21. b3 {[%clk 0:44:57]} 21... h5 {[%clk 0:34:17]} 22. Rc1
{[%clk 0:44:53]} 22... Qd8 {[%clk 0:33:06]} 23. Bg5 {[%clk 0:39:54]} 23... a5 {
[%clk 0:26:17]} 24. Qh3 {[%clk 0:39:14]} 24... Kh7 {[%clk 0:20:01]} 25. Qe6 {
[%clk 0:38:08]} 25... Qb6+ {[%clk 0:19:54]} 26. Kh1 {[%clk 0:38:31]} 26... Ng8
{[%clk 0:20:06]} 27. Qd7 {[%clk 0:21:39]} 27... Ra7 {[%clk 0:17:54]} 28. Qb5 {
[%clk 0:17:03]} 1/2-1/2

[Event "DVM U14 2020"]
[Site "Willingen GER"]
[Date "2021.06.25"]
[Round "3"]
[White "Gutewort, Paul Emil"]
[Black "Rose, Daniel"]
[Result "0-1"]
[Termination "normal"]
[Board "1.2"]
[WhiteElo "1689"]
[BlackElo "1816"]
[WhiteClock "00:23:43"]
[BlackClock "00:05:37"]
[WhiteTeam "Schachfreunde Nordost Berlin"]
[BlackTeam "SV Königsjäger Süd-West e.V."]
[PlyCount "60"]
[WhiteFideId "16204182"]
[BlackFideId "16242963"]
[EventCountry "GER"]
[EventRounds "7"]
[EventType "team-swiss"]
[EventDate "2021.06.23"]

1. c4 {[%clk 1:30:58]} 1... Nf6 {[%clk 1:30:55]} 2. g3 {[%clk 1:31:24]} 2... g6
{[%clk 1:31:17]} 3. Bg2 {[%clk 1:31:49]} 3... Bg7 {[%clk 1:31:43]} 4. Nc3 {
[%clk 1:31:42]} 4... d6 {[%clk 1:31:47]} 5. e3 {[%clk 1:26:51]} 5... e5 { [%clk
1:31:33]} 6. Nge2 {[%clk 1:26:15]} 6... c6 {[%clk 1:31:21]} 7. d4 { [%clk
1:24:02]} 7... Qc7 {[%clk 1:31:47]} 8. b3 {[%clk 1:21:04]} 8... O-O { [%clk
1:30:11]} 9. O-O {[%clk 1:20:37]} 9... Rd8 {[%clk 1:28:41]} 10. Qc2 { [%clk
1:16:44]} 10... Ne8 {[%clk 1:19:00]} 11. Bb2 {[%clk 1:10:08]} 11... f5 12. dxe5
{[%clk 1:06:12]} 12... dxe5 {[%clk 1:03:46]} 13. Rad1 {[%clk 1:06:21]} 13...
Be6 {[%clk 1:03:52]} 14. Rxd8 {[%clk 1:05:31]} 14... Qxd8 {[%clk 1:04:20] } 15.
e4 {[%clk 1:05:05]} 15... Qc7 {[%clk 0:59:42]} 16. Bh3 {[%clk 0:56:38]} 16...
Qc8 {[%clk 0:56:48]} 17. f4 {[%clk 0:48:59]} 17... fxe4 {[%clk 0:26:37]} 18.
Bxe6+ {[%clk 0:44:39]} 18... Qxe6 {[%clk 0:26:38]} 19. Qxe4 {[%clk 0:44:44] }
19... Nd6 {[%clk 0:26:35]} 20. Qc2 {[%clk 0:42:02]} 20... Na6 {[%clk 0:20:52] }
21. Ba3 {[%clk 0:40:09]} 21... exf4 {[%clk 0:20:12]} 22. Rxf4 {[%clk 0:39:04] }
22... Qe3+ {[%clk 0:19:41]} 23. Kg2 {[%clk 0:36:44]} 23... Nf5 { [%clk
0:10:44]} 24. Qe4 {[%clk 0:29:08]} 24... Bxc3 {[%clk 0:08:34]} 25. Nxc3 { [%clk
0:22:44]} 25... Qxc3 {[%clk 0:08:16]} 26. Qe6+ {[%clk 0:23:07]} 26... Kh8
{[%clk 0:08:07]} 27. Rxf5 {[%clk 0:23:32]} 27... gxf5 {[%clk 0:06:15]} 28. Be7
{[%clk 0:23:55]} 28... Kg7 {[%clk 0:06:35]} 29. Qxf5 {[%clk 0:23:36]} 29...
Qd2+ {[%clk 0:05:16]} 30. Kh1 {[%clk 0:23:43]} 30... Qe1+ {[%clk 0:05:37]} 0-1

[Event "DVM U14 2020"]
[Site "Willingen GER"]
[Date "2021.06.25"]
[Round "3"]
[White "Korek, Jakob Alexander"]
[Black "Duduka, Artem"]
[Result "1-0"]
[Termination "normal"]
[Board "1.3"]
[WhiteElo "1663"]
[BlackElo "1613"]
[WhiteClock "00:37:33"]
[BlackClock "00:24:01"]
[WhiteTeam "SV Königsjäger Süd-West e.V."]
[BlackTeam "Schachfreunde Nordost Berlin"]
[PlyCount "63"]
[WhiteFideId "16240022"]
[BlackFideId "14194805"]
[EventCountry "GER"]
[EventRounds "7"]
[EventType "team-swiss"]
[EventDate "2021.06.23"]

1. d4 {[%clk 1:30:55]} 1... Nf6 {[%clk 1:30:40]} 2. c4 {[%clk 1:31:12]} 2... g6
3. Nc3 {[%clk 1:31:12]} 3... d5 {[%clk 1:30:51]} 4. cxd5 {[%clk 1:31:06]} 4...
Nxd5 {[%clk 1:31:03]} 5. e4 {[%clk 1:31:14]} 5... Nxc3 {[%clk 1:30:53]} 6. bxc3
{[%clk 1:31:37]} 6... Bg7 {[%clk 1:31:08]} 7. Bc4 {[%clk 1:31:36]} 7... c5 {
[%clk 1:30:46]} 8. Ne2 {[%clk 1:31:51]} 8... O-O {[%clk 1:30:27]} 9. O-O {
[%clk 1:31:38]} 9... Nc6 {[%clk 1:29:52]} 10. Be3 {[%clk 1:31:28]} 10... Qc7 {
[%clk 1:28:21]} 11. Qc2 {[%clk 1:29:31]} 11... a6 {[%clk 1:24:50]} 12. a4 {
[%clk 1:25:33]} 12... Rd8 {[%clk 1:21:27]} 13. Rad1 {[%clk 1:24:10]} 13... e6 {
[%clk 1:17:42]} 14. f4 {[%clk 1:17:05]} 14... Rb8 {[%clk 1:10:22]} 15. dxc5 {
[%clk 1:15:57]} 15... Bd7 {[%clk 1:07:18]} 16. Rd2 {[%clk 1:10:27]} 16... Na5 {
[%clk 1:05:22]} 17. Ba2 {[%clk 1:09:27]} 17... Bf8 {[%clk 1:04:51]} 18. Rfd1 {
[%clk 1:05:29]} 18... Bxc5 {[%clk 1:03:28]} 19. Bxc5 {[%clk 1:05:10]} 19...
Qxc5+ {[%clk 1:03:52]} 20. Kh1 {[%clk 1:04:30]} 20... Qc7 {[%clk 1:03:05]} 21.
e5 {[%clk 1:02:35]} 21... Nc6 {[%clk 0:58:34]} 22. Qb3 {[%clk 0:57:00]} 22...
Ne7 {[%clk 0:57:01]} 23. c4 {[%clk 0:52:13]} 23... Bc6 {[%clk 0:54:39]} 24. Nd4
{[%clk 0:47:47]} 24... Nf5 {[%clk 0:47:50]} 25. Nxf5 {[%clk 0:46:34]} 25...
exf5 {[%clk 0:43:44]} 26. Rd6 {[%clk 0:45:17]} 26... Qa5 {[%clk 0:40:45]} 27.
c5 27... Rf8 {[%clk 0:28:18]} 28. e6 {[%clk 0:39:21]} 28... fxe6 { [%clk
0:24:01]} 29. Qxe6+ {[%clk 0:37:33]} 29... Kg7 30. Qe7+ Kh6 31. Qh4+ Kg7 32.
Rd7+ 1-0

[Event "DVM U14 2020"]
[Site "Willingen GER"]
[Date "2021.06.25"]
[Round "3"]
[White "Beck, Felix"]
[Black "Abed, Karim"]
[Result "0-1"]
[Termination "normal"]
[Board "1.4"]
[WhiteElo "1526"]
[BlackElo "1626"]
[WhiteClock "00:01:19"]
[BlackClock "00:46:58"]
[WhiteTeam "Schachfreunde Nordost Berlin"]
[BlackTeam "SV Königsjäger Süd-West e.V."]
[PlyCount "68"]
[WhiteFideId "16255364"]
[BlackFideId "16242785"]
[EventCountry "GER"]
[EventRounds "7"]
[EventType "team-swiss"]
[EventDate "2021.06.23"]

1. c4 {[%clk 1:30:57]} 1... Nf6 {[%clk 1:30:52]} 2. g3 {[%clk 1:31:17]} 2... d5
{[%clk 1:31:12]} 3. cxd5 {[%clk 1:31:24]} 3... Nxd5 {[%clk 1:31:34]} 4. Bg2 {
[%clk 1:31:42]} 4... g6 {[%clk 1:31:19]} 5. Nc3 {[%clk 1:31:10]} 5... Nxc3 {
[%clk 1:31:45]} 6. bxc3 {[%clk 1:31:31]} 6... Bg7 {[%clk 1:32:12]} 7. Nf3 {
[%clk 1:30:49]} 7... O-O {[%clk 1:32:01]} 8. O-O {[%clk 1:30:43]} 8... c5 {
[%clk 1:30:56]} 9. Qb3 {[%clk 1:18:18]} 9... Nc6 {[%clk 1:27:11]} 10. d3 {
[%clk 1:10:31]} 10... b6 {[%clk 1:23:59]} 11. Bb2 {[%clk 0:58:54]} 11... Bg4 {
[%clk 1:16:09]} 12. h3 {[%clk 0:55:56]} 12... Bxf3 {[%clk 1:15:58]} 13. Bxf3 {
[%clk 0:56:16]} 13... Rc8 {[%clk 1:15:51]} 14. c4 {[%clk 0:42:28]} 14... Nd4 {
[%clk 1:13:31]} 15. Bxd4 {[%clk 0:42:41]} 15... Bxd4 {[%clk 1:13:32]} 16. Rab1
{[%clk 0:41:15]} 16... h5 {[%clk 1:12:01]} 17. h4 {[%clk 0:32:46]} 17... g5 {
[%clk 1:06:44]} 18. hxg5 {[%clk 0:32:02]} 18... e6 {[%clk 1:06:37]} 19. Kg2 {
[%clk 0:30:27]} 19... Kg7 {[%clk 1:02:05]} 20. Rh1 {[%clk 0:29:29]} 20... Rh8 {
[%clk 1:01:10]} 21. Bxh5 {[%clk 0:24:49]} 21... Qxg5 {[%clk 1:00:36]} 22. Bf3 {
[%clk 0:25:06]} 22... f5 {[%clk 0:57:20]} 23. Qc2 {[%clk 0:06:01]} 23... f4 {
[%clk 0:47:54]} 24. Qd2 {[%clk 0:06:11]} 24... e5 {[%clk 0:46:54]} 25. g4 {
[%clk 0:04:45]} 25... Rh4 {[%clk 0:46:46]} 26. Rxh4 {[%clk 0:03:15]} 26... Qxh4
{[%clk 0:46:41]} 27. Qe1 {[%clk 0:01:35]} 27... Rh8 {[%clk 0:46:30]} 28. Kf1 {
[%clk 0:00:50]} 28... Qh3+ {[%clk 0:46:29]} 29. Kg1 {[%clk 0:00:56]} 29... Rh4
{[%clk 0:46:05]} 30. Rc1 {[%clk 0:00:34]} 30... Qh2+ {[%clk 0:46:25]} 31. Kf1 {
[%clk 0:00:56]} 31... Rxg4 {[%clk 0:46:07]} 32. e3 {[%clk 0:00:35]} 32... Rg1+
{[%clk 0:46:31]} 33. Ke2 {[%clk 0:00:58]} 33... Rxe1+ {[%clk 0:46:58]} 34. Rxe1
{[%clk 0:01:19]} 34... fxe3 0-1

[Event "DVM U14 2020"]
[Site "Willingen GER"]
[Date "2021.06.25"]
[Round "3"]
[White "Eull, Emil"]
[Black "Ermitsch, Magnus"]
[Result "1/2-1/2"]
[Termination "normal"]
[Board "2.1"]
[WhiteElo "1662"]
[BlackElo "2115"]
[WhiteTeam "SF Neuberg"]
[BlackTeam "SC Borussia Lichtenberg"]
[PlyCount "114"]
[WhiteFideId "16253809"]
[BlackFideId "16234464"]
[EventCountry "GER"]
[EventRounds "7"]
[EventType "team-swiss"]
[EventDate "2021.06.23"]

1. c4 e5 2. Nc3 Nf6 3. Nf3 Nc6 4. e3 Bb4 5. Qc2 O-O 6. Nd5 Re8 7. Qf5 d6 8.
Nxf6+ gxf6 9. Qc2 e4 10. Ng1 d5 11. a3 Bf8 12. cxd5 Qxd5 13. Ne2 Ne5 14. Nf4
Qc6 15. Qxc6 bxc6 16. d4 Ng6 17. Nh5 Be7 18. Bd2 Rb8 19. Bb4 f5 20. Bxe7 Rxe7
21. b4 Ra8 22. O-O-O a5 23. Kb2 Be6 24. Ra1 Kf8 25. Be2 Ree8 26. Rhb1 Reb8 27.
Kc3 Ke7 28. Bc4 Kd6 29. Bxe6 fxe6 30. bxa5 Rxb1 31. Rxb1 Rxa5 32. Ra1 Ne7 33.
Nf6 Nd5+ 34. Nxd5 exd5 35. a4 c5 36. h3 cxd4+ 37. Kb4 dxe3 38. fxe3 Ra8 39. a5
c5+ 40. Kb5 d4 41. a6 Kd5 42. a7 d3 43. g3 h6 44. Ra6 h5 45. h4 Ke5 46. Ra2 d2
47. Rxd2 Rxa7 48. Kxc5 Rc7+ 49. Kb4 Rg7 50. Kc5 Rxg3 51. Rd5+ Ke6 52. Rd6+ Ke7
53. Rd5 Rf3 54. Kd4 Ke6 55. Ra5 Rh3 56. Ra6+ Kd7 57. Ra7+ Ke6 1/2-1/2

[Event "DVM U14 2020"]
[Site "Willingen GER"]
[Date "2021.06.25"]
[Round "3"]
[White "Klühs, Gustaf"]
[Black "Buchinger, Alexis"]
[Result "1-0"]
[Termination "normal"]
[Board "2.2"]
[WhiteElo "1823"]
[BlackElo "1536"]
[WhiteClock "01:25:55"]
[BlackClock "00:59:56"]
[WhiteTeam "SC Borussia Lichtenberg"]
[BlackTeam "SF Neuberg"]
[PlyCount "75"]
[WhiteFideId "16228936"]
[BlackFideId "16287134"]
[EventCountry "GER"]
[EventRounds "7"]
[EventType "team-swiss"]
[EventDate "2021.06.23"]

1. Nf3 {[%clk 1:30:58]} 1... Nf6 {[%clk 1:30:44]} 2. g3 {[%clk 1:31:23]} 2...
d5 {[%clk 1:31:09]} 3. c4 {[%clk 1:31:39]} 3... e6 {[%clk 1:31:30]} 4. Bg2 {
[%clk 1:32:05]} 4... d4 {[%clk 1:31:09]} 5. O-O {[%clk 1:32:27]} 5... c5 {
[%clk 1:31:19]} 6. b3 {[%clk 1:32:13]} 6... Nc6 {[%clk 1:30:54]} 7. e3 { [%clk
1:32:34]} 7... d3 {[%clk 1:29:46]} 8. Bb2 {[%clk 1:32:38]} 8... Bd6 { [%clk
1:28:30]} 9. Nc3 {[%clk 1:32:00]} 9... e5 {[%clk 1:26:36]} 10. Qb1 { [%clk
1:28:10]} 10... Nb4 {[%clk 1:23:49]} 11. Ne1 {[%clk 1:28:32]} 11... Bf5 { [%clk
1:13:34]} 12. e4 {[%clk 1:28:50]} 12... Bg4 {[%clk 1:13:07]} 13. Nxd3 { [%clk
1:28:53]} 13... Bc7 {[%clk 1:10:32]} 14. Nxb4 {[%clk 1:28:45]} 14... cxb4
{[%clk 1:10:39]} 15. Nd5 {[%clk 1:29:02]} 15... O-O {[%clk 1:09:38]} 16. d4 {
[%clk 1:27:48]} 16... exd4 {[%clk 1:07:59]} 17. Bxd4 {[%clk 1:28:11]} 17...
Nxd5 {[%clk 1:08:12]} 18. exd5 {[%clk 1:28:35]} 18... Qd7 {[%clk 1:06:31]} 19.
Qb2 {[%clk 1:28:51]} 19... f6 {[%clk 1:05:58]} 20. Rfe1 {[%clk 1:29:13]} 20...
Rfe8 {[%clk 1:05:58]} 21. c5 {[%clk 1:25:25]} 21... f5 {[%clk 1:01:49]} 22. d6
{[%clk 1:25:04]} 22... Ba5 {[%clk 1:01:46]} 23. Re5 {[%clk 1:23:56]} 23... f4 {
[%clk 1:01:06]} 24. Rae1 {[%clk 1:22:27]} 24... f3 {[%clk 1:00:21]} 25. Bf1 {
[%clk 1:21:52]} 25... Rxe5 {[%clk 0:59:08]} 26. Rxe5 {[%clk 1:22:09]} 26... Bh3
{[%clk 0:57:25]} 27. Bc4+ {[%clk 1:22:36]} 27... Kh8 {[%clk 0:57:32]} 28. Re7 {
[%clk 1:22:55]} 28... Qxe7 {[%clk 0:56:54]} 29. dxe7 {[%clk 1:23:17]} 29... h6
{[%clk 0:57:16]} 30. Bxg7+ {[%clk 1:23:25]} 30... Kh7 {[%clk 0:57:41]} 31. Bd3+
{[%clk 1:23:49]} 31... Kg8 {[%clk 0:58:06]} 32. Bc4+ {[%clk 1:23:43]} 32... Kh7
{[%clk 0:58:31]} 33. Bf8 {[%clk 1:24:11]} 33... Kg6 {[%clk 0:58:35]} 34. Qg7+ {
[%clk 1:24:26]} 34... Kf5 {[%clk 0:58:57]} 35. Qf7+ {[%clk 1:24:47]} 35... Kg5
{[%clk 0:59:20]} 36. Qf4+ {[%clk 1:25:05]} 36... Kg6 {[%clk 0:59:41]} 37. Bd3+
{[%clk 1:25:29]} 37... Kh5 {[%clk 0:59:56]} 38. Qh4# {[%clk 1:25:55]} 1-0

[Event "DVM U14 2020"]
[Site "Willingen GER"]
[Date "2021.06.25"]
[Round "3"]
[White "Feng, Felix"]
[Black "Zobel, Christian"]
[Result "0-1"]
[Termination "normal"]
[Board "2.3"]
[WhiteElo "1423"]
[BlackElo "1587"]
[WhiteClock "00:17:27"]
[BlackClock "00:31:47"]
[WhiteTeam "SF Neuberg"]
[BlackTeam "SC Borussia Lichtenberg"]
[PlyCount "74"]
[WhiteFideId "16275179"]
[BlackFideId "16259068"]
[EventCountry "GER"]
[EventRounds "7"]
[EventType "team-swiss"]
[EventDate "2021.06.23"]

1. c4 {[%clk 1:30:58]} 1... b6 {[%clk 1:30:31]} 2. Nc3 {[%clk 1:28:18]} 2...
Bb7 {[%clk 1:30:49]} 3. Nf3 {[%clk 1:26:22]} 3... e6 {[%clk 1:29:35]} 4. d3 {
[%clk 1:20:11]} 4... Nf6 {[%clk 1:28:04]} 5. g3 {[%clk 1:18:20]} 5... Bxf3 {
[%clk 1:24:55]} 6. exf3 {[%clk 1:18:13]} 6... c5 {[%clk 1:24:29]} 7. Bg2 {
[%clk 1:17:41]} 7... Nc6 {[%clk 1:24:03]} 8. O-O {[%clk 1:17:08]} 8... Be7 {
[%clk 1:21:14]} 9. b3 {[%clk 1:16:14]} 9... O-O {[%clk 1:18:46]} 10. Qc2 {
[%clk 1:13:26]} 10... Rc8 {[%clk 1:11:16]} 11. Ne4 {[%clk 1:12:23]} 11... d5 {
[%clk 1:08:55]} 12. Nxf6+ {[%clk 1:12:10]} 12... Bxf6 {[%clk 1:09:19]} 13. Bb2
{[%clk 1:12:31]} 13... Nb4 14. Qe2 {[%clk 1:11:55]} 14... Bxb2 {[%clk 1:09:02]}
15. Qxb2 {[%clk 1:10:26]} 15... Nxd3 {[%clk 1:09:22]} 16. Qc3 {[%clk 1:09:51]}
16... Nb4 17. a3 {[%clk 1:09:25]} 17... d4 {[%clk 1:03:09]} 18. Qd2 { [%clk
1:08:13]} 18... Nc6 {[%clk 0:59:24]} 19. Rad1 {[%clk 1:07:56]} 19... a6 { [%clk
0:56:01]} 20. Rfe1 {[%clk 1:06:48]} 20... b5 {[%clk 0:54:26]} 21. Bf1 { [%clk
1:06:54]} 21... Qb6 {[%clk 0:52:47]} 22. Qc2 {[%clk 1:06:15]} 22... Na5 { [%clk
0:50:02]} 23. Bd3 {[%clk 1:05:58]} 23... bxc4 {[%clk 0:48:12]} 24. Bxh7+ {[%clk
1:04:12]} 24... Kh8 {[%clk 0:48:35]} 25. Re4 {[%clk 0:57:22]} 25... d3 { [%clk
0:47:55]} 26. Rh4 26... g5 {[%clk 0:41:19]} 27. Qc3+ {[%clk 0:30:42]} 27... f6
{[%clk 0:41:11]} 28. Rh5 {[%clk 0:29:59]} 28... Qxb3 {[%clk 0:37:12]} 29. Bxd3+
{[%clk 0:19:31]} 29... Kg7 {[%clk 0:34:25]} 30. Bc2 {[%clk 0:19:23]} 30... Qxc3
{[%clk 0:33:44]} 31. Rd7+ {[%clk 0:19:29]} 31... Rf7 {[%clk 0:33:42] } 32. Rh7+
{[%clk 0:19:30]} 32... Kg8 {[%clk 0:34:03]} 33. Rdxf7 { [%clk 0:19:34]} 33...
f5 {[%clk 0:34:24]} 34. Ba4 {[%clk 0:16:47]} 34... Nc6 { [%clk 0:31:16]} 35.
Bxc6 {[%clk 0:16:52]} 35... Rxc6 {[%clk 0:31:41]} 36. Rb7 { [%clk 0:17:14]}
36... Rc8 {[%clk 0:31:47]} 37. Rhd7 {[%clk 0:17:27]} 37... Qf6 {[%clk 0:31:47]}
0-1